000 01275nam a22002657a 4500
005 20170124102943.0
010 _aB-193202
020 _c300.00
_a817056333
035 _aB-193202
037 _bCen Lib/Ret
040 _aDPL
_bHN
082 _a823.08
_bभारद्धा
100 _aभारद्धाज, हेतु
_97808
245 _aहिन्दी उपन्यास उद्दभव और विकास /
_cहेतु भारद्धा [एवं] सुमनलता
246 _aHindi upanyas uddbhav aur vikas /
_bby Hetu Bhardwaj [and] Sumanlata
260 _aजयपुर
_bपंचशील प्रकाशन
_c2005
270 _aफिल्म कॉलोनी, चौड़ा रास्ता
_bजयपुर
_e302 003
300 _a178पृ.
_c20सेमी (सजिल्द)
650 _aहिन्दी -- साहित्य
_948865
650 _aहिन्दी -- साहित्य -- उपन्यास -- आरंभिक काल
_948866
650 _aHindi - literature
_948867
650 _aHindi -- Literature - novel - initial period
_948868
700 _aसुमनलता
_948869
942 _2ddc
_cHN
_h823.08
_mभारद्धा
999 _c112713
_d112713